000
00331nam a2200133Ia 4500
008
191201s2002 xx 000 0 und d
082
_a
621.382
_b
GUE
100
_a
GUPTA, Rajeev
245
0
_a
Electrical Engineering
260
_a
N. Delhi
_b
Pragati Prakashan Meerut
_c
2002
300
_a
352
650
_a
B.Tech(ECE)
942
_2
ddc
_c
BK
999
_c
424
_d
424